| 000 | 00848nam a2200241 a 4500 | ||
|---|---|---|---|
| 005 | 20250620063855.0 | ||
| 008 | 030604s1997 mx r 000 0 spa d | ||
| 020 | _a8433107526 | ||
| 035 | _aUPN01000124984 | ||
| 049 | _aLT | ||
| 050 | 4 |
_aLB1577 E5 _bV3.4 |
|
| 100 | 1 |
_aVallés Arándiga, Antonio _929479 |
|
| 245 | 1 | 0 |
_aLenguaje simbólico : _bpictogramas para la comunicación gráfica : educación primaria / _cAntonio Vallés Arándiga, Alfred Vallés Tortosa. |
| 260 |
_aMadrid : _bEscuela Española, _c1997. |
||
| 300 | _a111 p. | ||
| 440 | 0 |
_aRecuperación y apoyo educativo ; _v64 |
|
| 500 | _aTítulo tomado de la pasta | ||
| 650 | 4 |
_aEDUCACION VISUAL _95388 |
|
| 650 | 4 |
_aEducación primaria _xAuxiliares audiovisuales _918417 |
|
| 650 | 2 |
_aComunicación visual _911466 |
|
| 700 | 1 |
_aVallés Tortosa, Alfred _ecoaut. |
|
| 905 | _aLibro | ||
| 999 |
_c97163 _d97163 |
||